KALČÍK, Jozef strojný inžinier, vysokoškolský učiteľ, nositeľ Radu práce (16. 2. 1904 Praha - 16. 1. 1980 tamže)

Bibliographic Details
Format: Article
Language:Slovak
ISBN:8070900199 viaz
Subjects:

MARC

LEADER 00000naa a2200000uu 4500
001 vtls010919201
003 SK-MaSNL
005 20260302131211.0
008 220808|1989 xo |||||||||||||||||slo|
015 |a SNBRA 
035 |a (urnnbn)urn:nbn:sk:snk:ar-a0cyhb 
035 |a (uuid)3d18a2e2-7e1b-4291-94ab-d944a0ea0d27 
035 |a urn:nbn:sk:snk-aatn6t 
040 |a SNKBUCL  |b slo  |c SNKBUCL  |e AACR2 
041 0 |a slo 
044 |a xo  |c SK 
245 0 0 |a KALČÍK, Jozef  |b strojný inžinier, vysokoškolský učiteľ, nositeľ Radu práce (16. 2. 1904 Praha - 16. 1. 1980 tamže) 
600 1 7 |a Kalčík, Josef,  |d 1904-1980  |2 SNKMA  |9 37298 
655 7 |a biografické heslá  |2 SNKPH  |9 368942 
773 0 |t Slovenský biografický slovník : (od roku 833 do roku 1990). III. zväzok, K-L  |d Martin : Matica slovenská, 1989  |g S. 20  |z 8070900199 viaz 
954 |a odborná, vedecká literatúra pôvodná (slovenská)  |2 lita 
958 |a BX 
958 |a OND 
958 |a chapter 
958 |a article25 
999 |c 1304428  |d 1306358